000 00887cam a2200253 a 4500
001 000011775
005 20200929162547.0
008 771216s1981 sp b 001 0 spa
020 _a8424907183
_a8424907175
040 _aDO-SdBNP
_bspa
_cLC
_dBNPHU
082 _a401.43
_bC834p, 1981
100 1 _aCoseriu, Eugenio.
_927853
245 1 0 _aPrincipios de semántica estructural /
_cEugenio Coseriu ; traducción Marcos Martínez Hernández.
250 _a2a ed.
260 _aMadrid :
_bGredos,
_c1981.
300 _a246 p. ;
_c20 cm.
490 1 _aBiblioteca Románica Hispánica
_aEstudios y Ensayos,
_v259
650 4 _aSemántica.
_927831
650 4 _aFuncionalismo (linguística)
_927854
700 1 _aMartínez Hernández, Marcos,
_etr.
_927855
830 0 _aBiblioteca Románica Hispánica
_pEstudios y Ensayos,
_v259
_98770
910 _aCatalogación derivada
049 _aBNGR
999 _c11449
_d11449